[Event "Women's Speed Chess Q1"]
[Site "chess.com INT"]
[Date "2020.06.18"]
[Round "7"]
[White "Babiy, Olga"]
[Black "Sviridova, Vlada"]
[Result "1-0"]
[WhiteTitle "WGM"]
[BlackTitle "WFM"]
[WhiteElo "2228"]
[BlackElo "2144"]
[WhiteFideId "14117258"]
[BlackFideId "24109606"]
[EventDate "2020.06.18"]

1. e4 e6 2. d4 d5 3. Nc3 Nf6 4. e5 Nfd7 5. f4 c5 6. Nf3 Nc6 7. Be3 Be7 8. Qd2
O-O 9. dxc5 Nxc5 10. O-O-O a6 11. Qf2 b6 12. Qg3 Qc7 13. Kb1 Bb7 14. f5 f6 15.
Bh6 Rf7 16. fxe6 Nxe6 17. Nxd5 Qb8 18. Nxb6 Ra7 19. Bc4 Bc8 20. exf6 Qxg3 21.
hxg3 gxh6 22. Nxc8 Rc7 23. Nxe7+ Rfxe7 24. fxe7 Rxe7 25. Rhe1 1-0

[Event "Women's Speed Chess Q1"]
[Site "chess.com INT"]
[Date "2020.06.18"]
[Round "7"]
[White "Gokbulut, Julia"]
[Black "Belenkaya, Dina"]
[Result "0-1"]
[WhiteTitle "WFM"]
[BlackTitle "WGM"]
[WhiteElo "1970"]
[BlackElo "2297"]
[WhiteFideId "4153979"]
[BlackFideId "24142654"]
[EventDate "2020.06.18"]

1. d4 Nf6 2. c4 c5 3. d5 e5 4. Nc3 d6 5. e4 Be7 6. Nf3 Nbd7 7. Be2 Nf8 8. h3 Ng6
9. g3 Bd7 10. Be3 h6 11. Qd2 a6 12. g4 Nh7 13. O-O-O Ng5 14. Kb1 Nxf3 15. Bxf3
Bg5 16. Be2 Nf4 17. Rdf1 b5 18. Bd3 Rb8 19. h4 Bxh4 20. Bxf4 exf4 21. Qxf4 bxc4
22. Bxc4 Bf6 23. Rh3 Be5 24. Qf3 Qb6 25. b3 Qb4 26. Kc2 Qa3 27. Ra1 a5 28. Nb1
Qb2+ 0-1

[Event "Women's Speed Chess Q1"]
[Site "chess.com INT"]
[Date "2020.06.18"]
[Round "7"]
[White "Mendoza, Beverly"]
[Black "Reyes Jara, Paula"]
[Result "1-0"]
[WhiteTitle "WIM"]
[BlackTitle "WFM"]
[WhiteElo "1945"]
[BlackElo "1871"]
[WhiteFideId "5201250"]
[BlackFideId "3403920"]
[EventDate "2020.06.18"]

1. d4 Nf6 2. Nf3 g6 3. Nc3 Bg7 4. Bf4 O-O 5. Qd2 d6 6. Bh6 Nc6 7. h4 Bg4 8.
O-O-O a5 9. Nh2 Bf5 10. h5 Nb4 11. hxg6 fxg6 12. e4 Nxe4 13. Nxe4 Bxe4 14. Nf3
Bxf3 15. gxf3 Rf7 16. Bh3 Rxf3 17. Be6+ Kf8 18. Bxg7+ Kxg7 19. Qh6+ Kf6 20. Rde1
Qh8 21. Qh4+ Kg7 22. Qxe7+ 1-0

[Event "Women's Speed Chess Q1"]
[Site "chess.com INT"]
[Date "2020.06.18"]
[Round "7"]
[White "Dauletova, Gulmira"]
[Black "Smietanska, Wiktoria"]
[Result "1-0"]
[WhiteTitle "WIM"]
[BlackTitle "CM"]
[WhiteElo "2319"]
[BlackElo "1593"]
[WhiteFideId "13702971"]
[BlackFideId "21869359"]
[EventDate "2020.06.18"]

1. e4 c5 2. Nf3 g6 3. d4 cxd4 4. Nxd4 Nc6 5. c4 Nf6 6. Nc3 d6 7. Be2 Bg7 8. Be3
Nxd4 9. Bxd4 O-O 10. O-O a5 11. Qd2 a4 12. Rad1 Qa5 13. Qe3 Nd7 14. Nd5 Re8 15.
Bxg7 Kxg7 16. Kh1 Nc5 17. f4 Bd7 18. f5 Bc6 19. Nxe7 Nxe4 20. Bd3 Nc5 21. f6+
Kh8 22. Bxg6 fxg6 23. Nxg6+ Kg8 24. Qh6 Ne6 25. f7# 1-0

[Event "Women's Speed Chess Q1"]
[Site "chess.com INT"]
[Date "2020.06.18"]
[Round "7"]
[White "Kirchei, Viktoriia"]
[Black "Papp, Sarah"]
[Result "1-0"]
[WhiteTitle "WFM"]
[BlackTitle "WGM"]
[WhiteElo "2207"]
[BlackElo "2334"]
[WhiteFideId "34133396"]
[BlackFideId "24606812"]
[EventDate "2020.06.18"]

1. e4 c5 2. Nf3 e6 3. d3 Nc6 4. Nbd2 a6 5. g3 b5 6. Bg2 Bb7 7. a3 d5 8. c3 Nf6
9. O-O Be7 10. h3 O-O 11. e5 Nd7 12. d4 cxd4 13. cxd4 a5 14. a4 b4 15. Nb3 Ba6
16. Re1 Bc4 17. Be3 f6 18. exf6 Bxf6 19. Nbd2 Ba6 20. Rc1 Rc8 21. Nb3 Bc4 22.
Bf4 Bxb3 23. Qxb3 Nxd4 24. Nxd4 Rxc1 25. Rxc1 Bxd4 26. Bxd5 Bxf2+ 27. Kxf2 exd5
28. Qxd5+ Kh8 29. Kg2 Nf6 30. Qxd8 Rxd8 31. Rc5 h6 32. Rxa5 Rd3 33. Rb5 Rb3 34.
Be5 Ne4 35. a5 1-0

[Event "Women's Speed Chess Q1"]
[Site "chess.com INT"]
[Date "2020.06.18"]
[Round "7"]
[White "Tarleva, Vira"]
[Black "Karnaukhova, Elmira"]
[Result "0-1"]
[WhiteTitle "WFM"]
[BlackTitle "WGM"]
[WhiteElo "2030"]
[BlackElo "2319"]
[WhiteFideId "14116693"]
[BlackFideId "4148827"]
[EventDate "2020.06.18"]

1. e4 c5 2. Nf3 e6 3. d4 cxd4 4. Nxd4 Nf6 5. Nc3 Nc6 6. g3 Bb4 7. Bg2 O-O 8. Ne2
d5 9. O-O d4 10. e5 Ng4 11. Bxc6 dxc3 12. bxc3 Qxd1 13. Rxd1 Bc5 14. Bf3 Nxf2
15. Rf1 Nd3+ 16. Kg2 Nxe5 17. Bf4 Nxf3 18. Kxf3 b6 19. Nd4 Bb7+ 20. Kg4 Rfd8 21.
Rad1 Rd5 22. h4 e5 0-1

[Event "Women's Speed Chess Q1"]
[Site "chess.com INT"]
[Date "2020.06.18"]
[Round "7"]
[White "Eswaran, Ashritha"]
[Black "Sliwicka, Alicja"]
[Result "1-0"]
[WhiteTitle "WIM"]
[BlackTitle "WIM"]
[WhiteElo "2244"]
[BlackElo "2317"]
[WhiteFideId "2080788"]
[BlackFideId "1150677"]
[EventDate "2020.06.18"]

1. e4 c5 2. Nf3 d6 3. d4 cxd4 4. Nxd4 Nf6 5. Nc3 Bd7 6. Be3 Ng4 7. Bc1 Nc6 8. h3
Nf6 9. Be3 e5 10. Nb3 a5 11. a4 Nb4 12. Bb5 Bc6 13. Be2 Nxe4 14. O-O Be7 15.
Nxe4 Bxe4 16. Bb5+ Bc6 17. c3 Na6 18. Qf3 Qd7 19. Bxc6 bxc6 20. Nxa5 d5 21. Qg3
Bf6 22. Nb3 O-O 23. Nc5 Nxc5 24. Bxc5 Rfe8 25. a5 Bd8 26. b4 f5 27. Rad1 f4 28.
Qg4 Qf7 29. Rfe1 Re6 30. Qf3 Bc7 31. Qe2 e4 32. f3 e3 33. c4 Rg6 34. cxd5 cxd5
35. Qa2 Rd8 36. a6 Rg5 37. a7 Ra8 38. Qa6 Rg6 39. Qb7 Qe8 40. Qxc7 Rxg2+ 41.
Kxg2 Qg6+ 42. Kf1 Qg3 43. Qb8+ Kf7 44. Qb7+ Kg6 45. Qc6+ Kh5 46. Qxd5+ Kh6 47.
Bxe3 Qxh3+ 48. Ke2 Qg2+ 49. Kd3 Qg6+ 50. Kc3 Rc8+ 51. Bc5 Qf6+ 52. Kb3 g6 53.
Rh1+ Kg7 54. Bd4 1-0

[Event "Women's Speed Chess Q1"]
[Site "chess.com INT"]
[Date "2020.06.18"]
[Round "7"]
[White "Mahdian, Anousha"]
[Black "Goltseva, Ekaterina"]
[Result "0-1"]
[WhiteTitle "WFM"]
[BlackTitle "FM"]
[WhiteElo "2212"]
[BlackElo "2306"]
[WhiteFideId "12571490"]
[BlackFideId "24173770"]
[EventDate "2020.06.18"]

1. d4 Nf6 2. c4 e6 3. Nc3 Bb4 4. Qc2 O-O 5. e4 d5 6. e5 Ne4 7. Bd3 c5 8. Nf3
cxd4 9. Nxd4 Nd7 10. Bf4 Ndc5 11. O-O Bxc3 12. bxc3 Nxd3 13. Qxd3 b6 14. cxd5
Qxd5 15. c4 Nc5 16. cxd5 Nxd3 17. Bg3 exd5 18. Rfd1 Ba6 19. Nc6 Rfe8 20. a3 Bc4
21. Rd2 Rac8 22. Nb4 Nxe5 23. Nxd5 Nd3 24. Ne3 Ba6 25. Rad1 Nc5 26. Bf4 Ne4 27.
Rd7 Nc3 0-1

[Event "Women's Speed Chess Q1"]
[Site "chess.com INT"]
[Date "2020.06.18"]
[Round "7"]
[White "Lahav, Michal"]
[Black "Zhukova, Natalia"]
[Result "1-0"]
[WhiteTitle "WIM"]
[BlackTitle "GM"]
[WhiteElo "2219"]
[BlackElo "2328"]
[WhiteFideId "2813742"]
[BlackFideId "14101513"]
[EventDate "2020.06.18"]

1. e4 e5 2. Nf3 Nc6 3. Bb5 a6 4. Ba4 Nf6 5. O-O b5 6. Bb3 Bc5 7. c3 d6 8. d4 Bb6
9. Be3 Bg4 10. dxe5 Bxf3 11. Qxf3 Nxe5 12. Qg3 Bxe3 13. Qxe3 O-O 14. Nd2 Re8 15.
Rad1 Rb8 16. Kh1 Nc4 17. Bxc4 bxc4 18. Nxc4 Rxe4 19. Qd3 Qe8 20. b3 Qb5 21. Ne3
Qe5 22. h3 Re8 23. Qxa6 Rh4 24. Qc6 Ne4 25. Nc4 Qf5 26. Qxe8# 1-0

[Event "Women's Speed Chess Q1"]
[Site "chess.com INT"]
[Date "2020.06.18"]
[Round "7"]
[White "Harika, Dronavalli"]
[Black "Khotenashvili, Bela"]
[Result "1/2-1/2"]
[WhiteTitle "GM"]
[BlackTitle "GM"]
[WhiteElo "2515"]
[BlackElo "2458"]
[WhiteFideId "5015197"]
[BlackFideId "13602640"]
[EventDate "2020.06.18"]

1. e4 c6 2. Nf3 d5 3. Nc3 g6 4. d4 Bg7 5. h3 Nh6 6. Be2 O-O 7. O-O f6 8. Re1 Nf7
9. Bf1 Na6 10. Be3 Nc7 11. Qd2 e5 12. Rad1 dxe4 13. Nxe4 f5 14. Bg5 Nxg5 15.
Nexg5 e4 16. Ne5 Bxe5 17. Bc4+ Kg7 18. dxe5 Qxd2 19. Rxd2 h6 20. Nf7 Rxf7 21.
Bxf7 Kxf7 22. Red1 Be6 23. Rd7+ Bxd7 24. Rxd7+ Ke6 25. Rxc7 Rb8 26. Kf1 Kxe5 27.
Ke2 a5 28. h4 h5 29. g3 a4 30. a3 Ke6 31. Ke3 Kf6 32. Rd7 Ke6 33. Rg7 Kf6 34.
Rc7 Ke6 35. Rg7 Kf6 36. Rc7 Ke6 37. Rg7 1/2-1/2

[Event "Women's Speed Chess Q1"]
[Site "chess.com INT"]
[Date "2020.06.18"]
[Round "7"]
[White "Dordzhieva, Dinara"]
[Black "Kiolbasa, Oliwia"]
[Result "1-0"]
[WhiteTitle "WIM"]
[BlackTitle "WIM"]
[WhiteElo "2354"]
[BlackElo "2160"]
[WhiteFideId "24157570"]
[BlackFideId "1154613"]
[EventDate "2020.06.18"]

1. Nf3 Nf6 2. c4 b6 3. g3 Bb7 4. Bg2 c5 5. O-O g6 6. b3 Bg7 7. Bb2 O-O 8. d3 Nc6
9. Nbd2 d5 10. cxd5 Nxd5 11. Bxg7 Kxg7 12. Qc2 Rc8 13. Qb2+ f6 14. Rac1 e5 15.
Nc4 Qd7 16. Rfd1 Rfd8 17. h4 Nd4 18. Nxd4 exd4 19. Re1 Re8 20. b4 Re6 21. bxc5
bxc5 22. Bh3 f5 23. Na5 Ba8 24. Rxc5 Nc3 25. Rxc8 Qxc8 26. Qb4 Qd7 27. e4 Rb6
28. Qa3 Qe8 29. Qc5 Rb5 30. Qxd4+ Qe5 31. Qxe5+ Rxe5 32. Nc4 Re7 33. e5 Nd5 34.
Bg2 Bb7 35. Rb1 Bc6 36. Na5 1-0

[Event "Women's Speed Chess Q1"]
[Site "chess.com INT"]
[Date "2020.06.18"]
[Round "7"]
[White "Papp, Petra"]
[Black "Muminova, Nafisa"]
[Result "1-0"]
[WhiteTitle "WGM"]
[BlackTitle "WGM"]
[WhiteElo "2338"]
[BlackElo "2274"]
[WhiteFideId "739049"]
[BlackFideId "14201526"]
[EventDate "2020.06.18"]

1. e4 e6 2. d4 d5 3. Nc3 Nf6 4. e5 Nfd7 5. f4 c5 6. Nf3 Nc6 7. Be3 Qb6 8. Na4
Qa5+ 9. c3 b6 10. Bd2 c4 11. b4 Nxb4 12. cxb4 Bxb4 13. Bxb4 Qxb4+ 14. Kf2 b5 15.
Nc5 Nxc5 16. dxc5 Qxc5+ 17. Qd4 Qa3 18. Be2 O-O 19. h4 b4 20. h5 f6 21. h6 fxe5
22. Qxe5 Rf6 23. hxg7 Rf5 24. Qc7 Ba6 25. Qc6 Rc8 26. Qxe6+ Rf7 27. Rxh7 Rc7 28.
Rh8+ Kxg7 29. Qh6# 1-0

[Event "Women's Speed Chess Q1"]
[Site "chess.com INT"]
[Date "2020.06.18"]
[Round "7"]
[White "Yakimova, Mariya"]
[Black "Zhuravleva, Olga"]
[Result "0-1"]
[WhiteTitle "WFM"]
[BlackTitle "WIM"]
[WhiteElo "2269"]
[BlackElo "2278"]
[WhiteFideId "34188859"]
[BlackFideId "4145933"]
[EventDate "2020.06.18"]

1. d4 g6 2. c4 Bg7 3. Nf3 d6 4. g3 Nc6 5. Bg2 e5 6. d5 Nce7 7. e4 f5 8. Nc3 h6
9. O-O Nf6 10. Ne1 O-O 11. Nd3 Kh8 12. exf5 gxf5 13. f4 e4 14. Nf2 a6 15. a4 Bd7
16. a5 Be8 17. h3 Rg8 18. Be3 Nh5 19. g4 Ng3 20. Re1 Ng6 21. Ne2 Nxe2+ 22. Qxe2
Nh4 23. Bh1 Qf6 24. Red1 Bd7 25. gxf5 Bxf5 26. Kh2 Rae8 27. Bd4 Qf7 28. Bxg7+
Rxg7 29. Rg1 Bg6 30. Qg4 Qf6 31. Rae1 e3 32. Nd1 Nf5 33. Re2 Reg8 34. Nxe3 Nxe3
35. Rxe3 Bf5 36. Qxg7+ Rxg7 37. Re8+ Kh7 38. Rxg7+ Qxg7 39. Re2 Qd4 0-1

[Event "Women's Speed Chess Q1"]
[Site "chess.com INT"]
[Date "2020.06.18"]
[Round "7"]
[White "Zavivaeva, Emilia"]
[Black "Limontaite, Simona"]
[Result "0-1"]
[WhiteTitle "WCM"]
[BlackTitle "WIM"]
[WhiteElo "1735"]
[BlackElo "2171"]
[WhiteFideId "34127531"]
[BlackFideId "12802506"]
[EventDate "2020.06.18"]

1. e4 c5 2. Nf3 Nc6 3. d4 cxd4 4. Nxd4 Nf6 5. Nc3 e5 6. Ndb5 Bc5 7. Nd6+ Ke7 8.
Nf5+ Kf8 9. Bc4 Bb4 10. O-O Ne7 11. Nd6 Qc7 12. Ncb5 Qc6 13. a3 Bxd6 14. Nxd6
Nxe4 15. Nxe4 Qxe4 16. Bd3 Qh4 17. g3 Qf6 18. f4 Qb6+ 19. Rf2 d6 20. fxe5 dxe5
21. Bc4 Be6 22. Bxe6 Qxe6 23. Be3 b6 24. Qf3 Rd8 25. Raf1 f6 26. b3 h5 27. a4 h4
28. g4 h3 29. g5 f5 30. Qg3 g6 31. Rf3 Kf7 32. Qf2 Nd5 33. Bd2 Qc6 34. Bc1 Nf4
35. Bxf4 exf4 36. Rxf4 Rh5 37. Qf3 Rxg5+ 38. Kf2 Qxc2+ 39. Ke3 Qd2# 0-1

[Event "Women's Speed Chess Q1"]
[Site "chess.com INT"]
[Date "2020.06.18"]
[Round "7"]
[White "Bodnaruk, Anastasia"]
[Black "Demchenko, Svitlana"]
[Result "1-0"]
[WhiteTitle "IM"]
[BlackTitle "WIM"]
[WhiteElo "2411"]
[BlackElo "2071"]
[WhiteFideId "4181751"]
[BlackFideId "14149893"]
[EventDate "2020.06.18"]

1. e4 d5 2. exd5 Nf6 3. d4 Bg4 4. f3 Bf5 5. c4 e6 6. dxe6 Nc6 7. Be3 Bb4+ 8. Nc3
Qe7 9. Qd2 O-O-O 10. O-O-O fxe6 11. Nge2 Kb8 12. Ng3 Bg6 13. Be2 Rd7 14. h4 Rhd8
15. h5 Bf7 16. a3 Bxc3 17. Qxc3 h6 18. Rd2 Qe8 19. b4 Nxh5 20. Ne4 Ne7 21. g4
Nf6 22. Nxf6 gxf6 23. Rxh6 Bg6 24. Rh1 e5 25. dxe5 Rxd2 26. Bxd2 fxe5 27. Qxe5
Qd7 28. Qc3 Nc6 29. Rh8 Be8 30. Bg5 Rc8 31. Be3 Rd8 32. b5 Ne7 33. Qd4 Qxd4 34.
Bxd4 Ng6 35. Rg8 Nf4 36. Bf1 Kc8 37. Bf6 1-0

[Event "Women's Speed Chess Q1"]
[Site "chess.com INT"]
[Date "2020.06.18"]
[Round "7"]
[White "Voit, Daria"]
[Black "Chitlange, Sakshi"]
[Result "1-0"]
[WhiteTitle "WGM"]
[BlackTitle "WIM"]
[WhiteElo "2343"]
[BlackElo "2167"]
[WhiteFideId "4182146"]
[BlackFideId "35002899"]
[EventDate "2020.06.18"]

1. d4 Nf6 2. Nf3 e6 3. c4 Bb4+ 4. Bd2 Qe7 5. g3 Nc6 6. Nc3 O-O 7. Bg2 d6 8. O-O
Bxc3 9. Bxc3 e5 10. c5 e4 11. cxd6 cxd6 12. Ne1 d5 13. Qd2 Re8 14. Nc2 b6 15.
Rac1 Ba6 16. Nb4 Nxb4 17. Bxb4 Qd7 18. Rc3 Bc4 19. b3 Ba6 20. Rfc1 Rac8 21. a4
Rxc3 22. Rxc3 h5 23. h3 Rc8 24. Bf1 Rc6 25. Qc1 Bb7 26. e3 Rxc3 27. Qxc3 Bc6 28.
a5 Ne8 29. axb6 axb6 30. Qa1 Qb7 31. Be2 h4 32. g4 Nc7 33. Be7 Ne6 34. Bxh4 f6
35. Bg3 Kf7 36. Kg2 Ng5 37. Qa3 Kg6 38. h4 Nf3 39. Qd6 Bd7 40. Bxf3 exf3+ 41.
Kxf3 Qc8 42. Qf4 Qc1 43. Kg2 Bb5 44. h5+ Kh7 45. g5 Qf1+ 46. Kh2 Bd7 47. g6+ Kh8
48. Qb8+ 1-0

[Event "Women's Speed Chess Q1"]
[Site "chess.com INT"]
[Date "2020.06.18"]
[Round "7"]
[White "Petrova, Irina"]
[Black "Hoang, Thi Bao Tram"]
[Result "0-1"]
[WhiteTitle "WIM"]
[BlackTitle "WGM"]
[WhiteElo "2087"]
[BlackElo "2288"]
[WhiteFideId "14124122"]
[BlackFideId "12401102"]
[EventDate "2020.06.18"]

1. d4 d5 2. c4 c6 3. Nf3 Nf6 4. Nc3 dxc4 5. a4 Bf5 6. e3 e6 7. Bxc4 Bb4 8. O-O
Nbd7 9. Qe2 Bg6 10. Bd3 Bh5 11. e4 e5 12. Be3 O-O 13. h3 Re8 14. g4 Nxg4 15.
hxg4 Bxg4 16. Kg2 exd4 17. Bxd4 c5 18. Nd5 cxd4 19. Qc2 Rc8 20. Qb3 Bd6 21. Nxd4
Ne5 22. Rh1 Qg5 23. Kf1 Qd2 24. Rh4 h5 25. Rxg4 Nxg4 26. Ne2 Nh2+ 27. Kg2 Qg5+
28. Ng3 h4 29. Kxh2 hxg3+ 30. Kg2 gxf2+ 31. Kxf2 Qd2+ 32. Kf3 Re6 33. Rg1 Rh6
34. Bf1 Rc1 35. Qxb7 Qd4 36. Rxg7+ Kxg7 37. Ne3 Rf6+ 38. Nf5+ Rxf5+ 39. exf5
Rxf1+ 0-1

[Event "Women's Speed Chess Q1"]
[Site "chess.com INT"]
[Date "2020.06.18"]
[Round "7"]
[White "Miroshnik, Ekaterina"]
[Black "Sakorenko, Adriana"]
[Result "1-0"]
[WhiteTitle "WFM"]
[BlackTitle "WFM"]
[WhiteElo "2139"]
[BlackElo "2216"]
[WhiteFideId "34127698"]
[BlackFideId "34130249"]
[EventDate "2020.06.18"]

1. d3 d5 2. Nd2 Nf6 3. Ngf3 b6 4. e4 dxe4 5. dxe4 Bb7 6. Bd3 Nbd7 7. O-O Nc5 8.
Bb5+ c6 9. Bc4 e6 10. Qe2 Be7 11. Rd1 Qc7 12. b3 O-O 13. Bb2 Rfd8 14. Be5 Qc8
15. a4 a6 16. Qe1 b5 17. Bf1 Ncd7 18. Bb2 Bb4 19. c3 Be7 20. axb5 cxb5 21. Nd4
Nc5 22. e5 Nd5 23. c4 Nb4 24. Qe3 Rxd4 25. Qxd4 Nc2 26. Qc3 Nxa1 27. Bxa1 Qc6
28. f3 Nd7 29. Ne4 bxc4 30. bxc4 Rc8 31. Kh1 Nb6 32. Rc1 h6 33. c5 Nd5 34. Qd4
Rc7 35. Bb2 f6 36. exf6 Nxf6 37. Qe5 Nxe4 38. Qxg7# 1-0

[Event "Women's Speed Chess Q1"]
[Site "chess.com INT"]
[Date "2020.06.18"]
[Round "7"]
[White "Shukhman, Anna"]
[Black "Lee, Dariya"]
[Result "1-0"]
[WhiteTitle "WCM"]
[BlackTitle "WCM"]
[WhiteElo "1866"]
[BlackElo "1523"]
[WhiteFideId "54180058"]
[BlackFideId "13801651"]
[EventDate "2020.06.18"]

1. e4 d6 2. d4 Nf6 3. Nc3 g6 4. f4 Bg7 5. Nf3 Bg4 6. h3 Bxf3 7. Qxf3 Nc6 8. Be3
e5 9. fxe5 dxe5 10. d5 Nd4 11. Qd1 O-O 12. Bc4 a6 13. O-O b5 14. Bd3 b4 15. Ne2
Nxe2+ 16. Qxe2 Nh5 17. Qf3 Qh4 18. Bc5 Ng3 19. Rf2 Kh8 20. Kh2 Nh5 21. Bxb4 a5
22. Bc3 Rae8 23. Re1 Bh6 24. g3 Qe7 25. Bxa5 Qc5 26. Bd2 Bg7 27. Be3 Qd6 28. c4
c5 29. Qe2 f5 30. g4 fxe4 31. Bc2 Rxf2+ 32. Qxf2 Rf8 33. Qg1 1-0

[Event "Women's Speed Chess Q1"]
[Site "chess.com INT"]
[Date "2020.06.18"]
[Round "7"]
[White "Goryachkina, Aleksandra"]
[Black "Gunina, Valentina"]
[Result "1/2-1/2"]
[WhiteTitle "GM"]
[BlackTitle "GM"]
[WhiteElo "2582"]
[BlackElo "2431"]
[WhiteFideId "4147103"]
[BlackFideId "4167570"]
[EventDate "2020.06.18"]

1. d4 Nf6 2. c4 e6 3. Nf3 d5 4. g3 Bb4+ 5. Nbd2 O-O 6. Bg2 dxc4 7. a3 Bxd2+ 8.
Bxd2 Nc6 9. e3 Rb8 10. O-O Ne4 11. Qc2 f5 12. Qxc4 Qd5 13. Rac1 Bd7 14. Rfd1
Rfc8 15. Be1 Qxc4 16. Rxc4 Ne7 17. Ne5 Bb5 18. Rb4 Be2 19. Rc1 a5 20. Rb3 a4 21.
Rb4 c5 22. dxc5 Rxc5 23. Rxc5 Nxc5 24. Bc3 Rd8 25. Rd4 Nd5 26. Rd2 Bb5 27. Bxd5
exd5 28. f3 Nb3 29. Rd1 Be2 30. Re1 Bb5 31. Rd1 Be2 32. Re1 Bb5 33. Rd1 1/2-1/2

[Event "Women's Speed Chess Q1"]
[Site "chess.com INT"]
[Date "2020.06.18"]
[Round "7"]
[White "Nandhidhaa, P V"]
[Black "Aakanksha, Hagawane"]
[Result "1-0"]
[WhiteTitle "WGM"]
[BlackTitle "WIM"]
[WhiteElo "2365"]
[BlackElo "2238"]
[WhiteFideId "5050847"]
[BlackFideId "25014510"]
[EventDate "2020.06.18"]

1. e4 e5 2. Nf3 Nc6 3. Nc3 Nf6 4. Bb5 Nd4 5. O-O Nxb5 6. Nxb5 a6 7. Nc3 Bc5 8.
Nxe5 O-O 9. d4 Be7 10. Re1 d6 11. Nd3 h6 12. h3 b5 13. a3 Bb7 14. Qf3 Nd7 15.
Qg3 Kh8 16. Bd2 Bh4 17. Qg4 Bf6 18. Ne2 Re8 19. f3 c5 20. c3 Bc8 21. Qh5 Kg8 22.
Rad1 Qb6 23. Be3 cxd4 24. Bxd4 Bxd4+ 25. Nxd4 Nf6 26. Qh4 Be6 27. Kh1 Bc4 28.
Nf4 Rac8 29. Nf5 Bb3 30. Nxh6+ gxh6 31. Qxf6 Bxd1 32. Nh5 Kf8 33. Rxd1 Rc6 34.
Qxh6+ Ke7 35. Qf6+ Kf8 36. Nf4 d5 37. Ng6+ Kg8 38. Qh8# 1-0

[Event "Women's Speed Chess Q1"]
[Site "chess.com INT"]
[Date "2020.06.18"]
[Round "7"]
[White "Frattini, Beatriz Maria"]
[Black "Alboredo, Julia"]
[Result "0-1"]
[WhiteTitle "WCM"]
[BlackTitle "WFM"]
[WhiteElo "1868"]
[BlackElo "2182"]
[WhiteFideId "22715002"]
[BlackFideId "2124807"]
[EventDate "2020.06.18"]

1. e4 c5 2. Nf3 d6 3. d4 cxd4 4. Nxd4 Nf6 5. Nc3 Nc6 6. Bg5 e6 7. Qd2 a6 8. f4
Be7 9. O-O-O Bd7 10. Bxf6 Bxf6 11. Nxc6 Bxc6 12. Qxd6 Qxd6 13. Rxd6 Bxc3 14.
bxc3 Bxe4 15. Rd4 Bc6 16. Rg1 Ke7 17. Bc4 Rhd8 18. g3 b5 19. Bb3 a5 20. Rxd8
Rxd8 21. c4 a4 22. cxb5 Bxb5 23. c4 axb3 24. cxb5 bxa2 25. Kb2 Ra8 26. Ka1 Kd6
27. Rc1 Ra5 28. b6 Rb5 29. Kxa2 Rxb6 30. Rc8 Rc6 31. Rg8 g6 32. Kb3 h5 33. Rd8+
Ke7 34. Rd2 Kf6 35. Kb4 Kf5 36. Rd7 f6 37. Kb3 g5 38. fxg5 fxg5 39. Rh7 Kg4 40.
h3+ Kxh3 41. Rxh5+ Kg4 42. Rh1 Kxg3 43. Rg1+ Kf4 44. Rf1+ Ke5 45. Rg1 Kf5 46.
Rf1+ Kg6 47. Rg1 e5 48. Kb4 e4 49. Kb5 Rc8 50. Re1 Kf5 51. Rf1+ Ke5 52. Rg1 Rg8
53. Kc4 g4 54. Kc3 g3 55. Kd2 Kd4 56. Ke2 e3 57. Rg2 Ke4 58. Rg1 g2 59. Ke1 Kd3
60. Kd1 Ra8 0-1

[Event "Women's Speed Chess Q1"]
[Site "chess.com INT"]
[Date "2020.06.18"]
[Round "7"]
[White "Vaishali, R"]
[Black "Bulmaga, Irina"]
[Result "0-1"]
[WhiteTitle "WGM"]
[BlackTitle "IM"]
[WhiteElo "2393"]
[BlackElo "2440"]
[WhiteFideId "5091756"]
[BlackFideId "13903063"]
[EventDate "2020.06.18"]

1. e4 c5 2. Nc3 Nc6 3. Nge2 Nd4 4. Nxd4 cxd4 5. Ne2 e5 6. c3 dxc3 7. Nxc3 Nf6 8.
d4 Bb4 9. dxe5 Nxe4 10. Qg4 Qa5 11. Qxg7 Rf8 12. Bh6 b6 13. Bc4 Bxc3+ 14. Ke2
Bb4 15. a3 Be7 16. Rhd1 Ba6 17. Bxa6 Qxa6+ 18. Kf3 Nc5 19. Qxh7 O-O-O 20. Bxf8
Rxf8 21. b4 Qb7+ 22. Ke2 Qa6+ 23. Ke1 Ne6 24. Qe4 Rd8 0-1

[Event "Women's Speed Chess Q1"]
[Site "chess.com INT"]
[Date "2020.06.18"]
[Round "7"]
[White "Ambartsumova, Karina"]
[Black "Morris-Suzuki, Sophie"]
[Result "1-0"]
[WhiteTitle "IM"]
[BlackTitle "WFM"]
[WhiteElo "2371"]
[BlackElo "2043"]
[WhiteFideId "4166299"]
[BlackFideId "30922615"]
[EventDate "2020.06.18"]

1. Nf3 c5 2. c4 b6 3. g3 Bb7 4. Bg2 e6 5. O-O d6 6. Nc3 Nf6 7. d4 cxd4 8. Qxd4
a6 9. Rd1 Nbd7 10. Ng5 Bxg2 11. Kxg2 Qc7 12. Nge4 Qb7 13. f3 Rd8 14. Nxd6+ Bxd6
15. Qxd6 h5 16. Bg5 h4 17. Ne4 h3+ 18. Kg1 Rc8 19. Bxf6 Nxf6 20. Nxf6+ gxf6 21.
Rd4 f5 22. Rad1 Rg8 23. b4 Rg6 24. Rh4 Rg8 25. Rxh3 f4 26. Qxf4 Qe7 27. Qd4 Kf8
28. Rh8 e5 29. Rxg8+ Kxg8 30. Qg4+ Kh7 31. Qxc8 Qxb4 32. Qf5+ Kg7 33. Qxe5+ 1-0

[Event "Women's Speed Chess Q1"]
[Site "chess.com INT"]
[Date "2020.06.18"]
[Round "7"]
[White "Bartel, Marta"]
[Black "Azhar, Puteri Munajjah Az-Zahraa"]
[Result "1-0"]
[WhiteTitle "WGM"]
[BlackTitle "WIM"]
[WhiteElo "2192"]
[BlackElo "2046"]
[WhiteFideId "1123009"]
[BlackFideId "5709040"]
[EventDate "2020.06.18"]

1. d4 d5 2. c4 e6 3. Nf3 Nf6 4. Bg5 Be7 5. e3 O-O 6. Nc3 c6 7. Be2 Nbd7 8. O-O
dxc4 9. Bxc4 b5 10. Bd3 Bb7 11. Rc1 Rc8 12. a3 a6 13. b4 Nb6 14. Qb3 h6 15. Bh4
Nbd5 16. Rfd1 Nxc3 17. Rxc3 Qd5 18. Bg3 Ne4 19. Bxe4 Qxe4 20. Rdc1 f5 21. Ne5
Qd5 22. Ng6 Rfe8 23. Nf4 Qxb3 24. Rxb3 Kf7 25. Nd3 g5 26. Ne5+ Kg7 27. Rbc3 Rf8
28. Nxc6 Bxc6 29. Be5+ Bf6 30. Bxf6+ Kxf6 31. Rxc6 Ra8 32. Rb6 Rfc8 33. Rxc8
Rxc8 34. g3 f4 35. Kg2 Kf5 36. gxf4 gxf4 37. Kf3 fxe3 38. fxe3 Ra8 39. e4+ Kf6
40. d5 Re8 1-0